000 00746nam a22001937a 4500
999 _c193935
_d193935
005 20230302152411.0
010 _aB-746510-511 E.N.A./7.11.22
020 _a9789356223387
_c1995.00
035 _aB-746510-511
037 _bTaxmann publication
082 _a343.54055
245 _aGST:
_bActs with Rules/Forms & Notification
_cTaxmann's
250 _a2022
260 _aNew Delhi
_bTaxmann Publications
_c2022
270 _a59/32, New Rohtak Road,
_bNew Delhi
_e110005
300 _aVarious p.
_c24cm (pbk)
942 _2ddc
_cEN
_mTAX